Uplatňovanie sadzieb DPH v rámci jednotného trhu EÚ – aktuálne trendy a výzvy

Daň z pridanej hodnoty je významným rozpočtovým príjmom, pričom v roku 2022 predstavovala, približne 18,2 % z celkových daňových príjmov EÚ-27, resp. 7,5 % z HDP. V súvislosti s pandémiou COVID-19 príjmy z DPH v EÚ-27 v roku 2020 dočasne klesli (ich podiel na celkových daňových príjmoch sa znížil zo...

ver descrição completa

Na minha lista:
Detalhes bibliográficos
Autor principal: Rabatinová, Marcela, 1977-
Formato: Capítulo de Livro
Idioma:eslovaco
Assuntos:
Tags: Adicionar Tag
Sem tags, seja o primeiro a adicionar uma tag!

MARC

LEADER 00000naa$a2200000$$$4500
001 0297901
005 20240502074518.6
041 0 |a slo 
044 |a SK 
245 1 0 |a Uplatňovanie sadzieb DPH v rámci jednotného trhu EÚ – aktuálne trendy a výzvy  |c Marcela Rabatinová 
520 |a Daň z pridanej hodnoty je významným rozpočtovým príjmom, pričom v roku 2022 predstavovala, približne 18,2 % z celkových daňových príjmov EÚ-27, resp. 7,5 % z HDP. V súvislosti s pandémiou COVID-19 príjmy z DPH v EÚ-27 v roku 2020 dočasne klesli (ich podiel na celkových daňových príjmoch sa znížil zo 17,4 % v roku 2019 na 16,8 % v roku 2020; opätovný rast bol zaznamenaný už v roku 2021 na 17,8 %). Hlavnou príčinou tohto poklesu bola najmä nižšia úroveň spotrebiteľských výdavkov, ale aj dočasné opatrenia, ktoré členské štáty prijímali na zmiernenie negatívnych dopadov pandémie, ako napríklad odklady platieb DPH, zníženie sadzbieb DPH s cieľom podporiť určité sektory alebo uplatňovanie nulovej sadzby na vybraný okruh tovarov a služieb. 
610 2 0 |a dane z hodnoty pridanej 
610 2 0 |a sadzby daňové 
610 2 0 |a reformy 
610 2 0 |a reformy daňové 
610 2 0 |a Európska únia 
610 2 0 |a pandémia 
100 1 |a Rabatinová, Marcela, 1977-